00997nam a22002537a 45000010005000000030006000050050017000110080041000280200018000690400029000870500015001160820008001311000017001392450039001562600051001953000042002464900029002885050008003175200320003255210021006455210020006666500025006867000032007114847FISKH20241017153605.0241017b cb ||||| |||| 00| 0 eng d a9780194789042 aFISKHbengcFISKHdFISKH aPE1119.V53 a809 aVicary, Tim  aThe Elephant Man / cby Tim Vicary aNew York : bOxford University Press ;c2008.  a56 pages :billustrations ;c21 cm .  aOxford BookwormsvBook 1 aK  aHe is not beautiful. His mother does not want him, children run away from him. People laugh at him, and call him 'The Elephant Man'. someone speaks to him - and listens to him! At the age of 27, Joseph Merrick finds a friend for the first time in his life. This is a true and tragic story. It is also a famous film.8 a510 bLexile 8 aK bRaz-Plus  ablue-rangervfiction aHarris, Nick eillustrator